The waves

Shranjeno v:
Bibliografske podrobnosti
Glavni avtor: Woolf, Virginia, 1882-1941 (autora)
Format: Knjiga
Jezik:angleščina
Izdano: Wordsworth Editions Limited 2000
Izdaja:1a. ed
Teme:
Oznake: Označite
Brez oznak, prvi označite!

MARC

LEADER 00000cam a2200000 a 4500
001 UCE0763
003 CL-VaPUC
008 140307e20000000uk |||||||||||||||||eng|d
082 0 4 |a 823  |b WOO  |2 21 
100 |a Woolf, Virginia,   |d 1882-1941  |e autora  |9 265377 
245 1 4 |a The waves 
250 |a 1a. ed 
300 |a 172 p 
942 |c BK 
945 |d 20140307 11:03:00  |a dcastane 
260 |b Wordsworth Editions Limited  |c 2000 
650 0 |a Novelas inglesas  |9 265220 
650 0 |a Literatura inglesa  |9 312907 
583 |a last modification  |c 20140307 11:03:00  |k Rodrigo Vera 
999 |c 354792  |d 354790 
952 |0 0  |1 0  |3 erb  |4 0  |6 823_000000000000000_WOO_2000  |7 0  |8 A  |9 460977  |a BIBEDU  |b BIBEDU  |i 5018714  |l 1  |o 823 WOO 2000  |p 5018714  |r 2023-04-04  |s 2023-03-27  |w 2019-11-23  |y BK  |z Catalogado en:20140307  |k LIT